00658nam a2200205Ia 4500003000400000005001700004008004100021020001800062040001800080041000800098082002200106100002200128245009700150250001200247260007200259300003000331650003700361650002600398650002800424OSt20250220084755.0210716s2017 xx 000 0 und d a9789352136568 cAIMIT LIBRARY aeng a006.671 22bEISB aEisenman, Bonnie. aLearning react native : bbuilding native mobile apps with javascript /cBy Bonnie Eisenman. a1st ed. aNew Delhi :bShroff Publications and Distributers Pvt Ltd ,c2017. axiii,225p. ;bPBc23.4 cm aBuilding your first applications aComponents for mobile aModules and native code